| 000 | 00542 a2200157 4500 | ||
|---|---|---|---|
| 005 | 20250620134334.0 | ||
| 020 | _a81-219-0868-X | ||
| 082 | _aLM 621.75 KHU | ||
| 100 | _aKHURMI, R. S. | ||
| 245 | _aA Textbook of Workshop Technology : (Manufacturing Process), A Textbook for Engineering Degree and Diploma Students. | ||
| 260 |
_aNew Delhi, _bS. Chand, _c2008. |
||
| 300 |
_a551p.: ill.; figure, table _bIndex _c25cm. |
||
| 700 | _aGUPTA, J. K. | ||
| 856 |
_yAccess Online Books _fWorkshop Technology _dwww.schandgroup.com |
||
| 942 |
_2ddc _cBKS |
||
| 999 |
_c2935 _d2935 |
||